本田宗一郎:男の幸福論
محفوظ في:
| المؤلف الرئيسي: | |
|---|---|
| التنسيق: | كتاب |
| اللغة: | Undetermined |
| منشور في: |
東京
PHP研究所
1982
|
| الموضوعات: | |
| الوسوم: |
إضافة وسم
لا توجد وسوم, كن أول من يضع وسما على هذه التسجيلة!
|
| Thư viện lưu trữ: | Trung tâm Học liệu Trường Đại học Cần Thơ |
|---|
| LEADER | 00553nam a2200205Ia 4500 | ||
|---|---|---|---|
| 001 | CTU_94947 | ||
| 008 | 210402s9999 xx 000 0 und d | ||
| 082 | |a 338.8 | ||
| 082 | |b K13 | ||
| 100 | |a 梶原一明(かじわら かずあき) | ||
| 245 | 0 | |a 本田宗一郎:男の幸福論 | |
| 245 | 0 | |c 梶原一明 | |
| 260 | |a 東京 | ||
| 260 | |b PHP研究所 | ||
| 260 | |c 1982 | ||
| 650 | |a Corporations,Corporations | ||
| 650 | |x Honda | ||
| 650 | |z Japan | ||
| 904 | |i Ngoc | ||
| 980 | |a Trung tâm Học liệu Trường Đại học Cần Thơ | ||